Applied mathematics for engineers and physicsts (Record no. 63649)

000 -LEADER
fixed length control field 00524nam a22001937a 4500
003 - CONTROL NUMBER IDENTIFIER
control field NUST - PNEC
005 - DATE AND TIME OF LATEST TRANSACTION
control field 20170116180819.0
008 - FIXED-LENGTH DATA ELEMENTS--GENERAL INFORMATION
fixed length control field 150612b xxu||||| |||| 00| 0 eng d
020 ## - INTERNATIONAL STANDARD BOOK NUMBER
International Standard Book Number -
040 ## - CATALOGING SOURCE
Transcribing agency LIBRARY
082 ## - DEWEY DECIMAL CLASSIFICATION NUMBER
Classification number 510 PIP
100 ## - MAIN ENTRY--PERSONAL NAME
9 (RLIN) 3928
Personal name Pipes, Louis A.
245 ## - TITLE STATEMENT
Title Applied mathematics for engineers and physicsts
Statement of responsibility, etc. Louis A. Pipes
250 ## - EDITION STATEMENT
Edition statement 3rd ed.
260 ## - PUBLICATION, DISTRIBUTION, ETC.
Place of publication, distribution, etc. New York:
Name of publisher, distributor, etc. McGraw-Hill Book Company,
Date of publication, distribution, etc. c1958.
300 ## - PHYSICAL DESCRIPTION
Extent 1015 p. :
Dimensions 20 cm.
650 ## - SUBJECT ADDED ENTRY--TOPICAL TERM
9 (RLIN) 3929
Topical term or geographic name entry element Mathematics
General subdivision ME
942 ## - ADDED ENTRY ELEMENTS (KOHA)
Source of classification or shelving scheme
Koha item type Book
Holdings
Withdrawn status Lost status Source of classification or shelving scheme Damaged status Not for loan Permanent Location Current Location Shelving location Date acquired Source of acquisition Total Checkouts Full call number Barcode Date last seen Price effective from Koha item type
          Pakistan Navy Engineering College (PNEC) Pakistan Navy Engineering College (PNEC)     Library /reference Grant   510 PIP PNECLIB-005256 06/12/2015   Book
          Pakistan Navy Engineering College (PNEC) Pakistan Navy Engineering College (PNEC)   10/06/1990 Library /reference Grant   510 PIP PNECLIB-005259 06/22/2015 10/06/1990 Book
          Pakistan Navy Engineering College (PNEC) Pakistan Navy Engineering College (PNEC)   06/22/2015 Library /reference Grant   510 PIP PNECLIB-004133 06/22/2015 06/22/2015 Book
          Pakistan Navy Engineering College (PNEC) Pakistan Navy Engineering College (PNEC)   06/22/2015 Library /reference Grant   510 PIP PNECLIB-005260 06/22/2015 06/22/2015 Book
© 2023 Central Library, National University of Sciences and Technology. All Rights Reserved.